Music Quiz

Random Music or Rock Quiz

Name that Artist Quiz Stats

 Plays Quiz not verified by Sporcle

Score 0/14 Timer 03:00
0 Plays Today
Lyric Band % Correct
Come up to meet you, tell you I'm sorry,Coldplay
70.4%
He doesn't look a thing like Jesus, but he talks like a gentleman,The Killers
70.4%
Weep, little lion man, you'll never be what is in your heart,Mumford & Sons
66.7%
If I lay here, if I just lay here, would you lie with me and just forget the world?Snow Patrol
59.3%
Love is our resistance, they'll keep us apart but they won't stop breaking us down,Muse
22.2%
If you wanna come back, it's alright, it's all right,The Vaccines
18.5%
Your past times consisted of the strange, and twisted and deranged,Arctic Monkeys
18.5%
Lyric Band % Correct
And I can tell just what you want, you don't want to be alone,Two Door Cinema Club
14.8%
When we collide, we come together,Biffy Clyro
11.1%
I'll wait for you, will you wait for me too?The Strokes
7.4%
She said 'I love you boy, I love you so',Plan B
7.4%
Can I wake you up, can I wake you up, is it late enough?Bombay Bicycle Club
3.7%
If you love me let me go, back to that bar in Tokyo,The Wombats
3.7%
These things happen, we were children in the mid '90s.Tribes
0%

You're not logged in!

Compare scores with friends on all Sporcle quizzes.
OR
Log In

Show Comments

Extras

Top Quizzes Today


Score Distribution

Your Account Isn't Verified!

In order to create a playlist on Sporcle, you need to verify the email address you used during registration. Go to your Sporcle Settings to finish the process.

Report this User

Report this user for behavior that violates our Community Guidelines.

Details: